Normal view
MARC view
Entry Personal Name
001 - CONTROL NUMBER
- control field: 1236428
003 - CONTROL NUMBER IDENTIFIER
- control field: OSt
005 - DATE AND TIME OF LATEST TRANSACTION
- control field: 20260430150105.0
008 - FIXED-LENGTH DATA ELEMENTS
- fixed length control field: 260430|| aca||aabn | a|a d
040 ## - CATALOGING SOURCE
- Original cataloging agency: OSt
- Transcribing agency: OSt
100 ## - HEADING--PERSONAL NAME
- Personal name: Univeristy of Delhi. Faculty of Medical Sciences. Department of B.R. Ambedkar Center for Biomedical Research
670 ## - SOURCE DATA FOUND
- Source citation: Work cat.: (OSt)1848923: Gupta Noopur Au.; Tiwari Manisha Gu. 1236427, Radiation induces alteration in gut microflora and its modiication by hdac inhibitor, 2021
